000 00671nam a2200205 a 4500
001 000023310
005 20200930022129.0
008 101202s1985 sp r 000 0 spa d
020 _a8486335108
040 _aDO-SdBNP
_bspa
_cBNPHU
082 _axxxx
_bG537r
100 1 _aGiudicissi, Romano
_947999
245 1 3 _aLa reencarnación, un impulso social /
_cRomano Giudicissi ; colaboración Maribel García Polo.
260 _aBarcelona :
_bEnsayos Antroposóficos,
_c1985.
300 _a182 p. ;
_c21 cm.
500 _aIncluye notas al pie de las páginas.
500 _aIncluye bibliografía p. [181-182].
700 1 _aGarcía Polo, Maribel
_948000
049 _aBNGR
999 _c22807
_d22807